| Поле | Инд. | ПП | Название | Значение |
|---|---|---|---|---|
| Тип записи | a | |||
| Библиографический уровень | a | |||
| 001 | Контрольный номер | 6b91a39976a84d5ea444f6119cbe0395 | ||
| 005 | Дата корректировки | 20240322125555.1 | ||
| 040 | a | Служба первич. каталог. | НБ ТвГУ | |
| b | Код языка каталог. | rus | ||
| e | Правила каталог. | PSBO | ||
| 041 | 0_ | a | Код языка текста | rus |
| 097 | b | Оператор | Komarova.ES | |
| 098 | b | Факультет | Химико-технологический | |
| c | Кафедра | Физической химии | ||
| 245 | 10 | a | Заглавие | Зеленый синтез наночастиц серебра. Комплементарные методы исследования |
| 246 | 00 | a | Другая форма заглавия | Комплементарные методы исследования |
| 260 | a | Место издания | Тверь | |
| b | Издательство | Тверской государственный университет | ||
| 504 | a | Библиография | Библиогр.: с. 1067-1068 (20 назв.) | |
| 520 | 0_ | a | Аннотация | В настоящей работе представлены результаты исследования зеленого или биосинтеза наночастиц серебра с использованием водных экстрактов листьев клена и дуба. Эффективность процесса синтеза, размер и форма образующихся наночастиц изучены с помощью методов спектроскопии УФ-видимого диапазона, динамического светорассеяния, атомно-силовой и сканирующей электронной микроскопии. Установлено, что образование наночастиц серебра сопровождается появлением в электронных спектрах водных экстрактов полосы плазмонного резонанса, максимум которой зависит от концентрации нитрата серебра и находится в диапазоне ~420-429 нм в спектрах листьев клена, а в спектрах экстрактов дуба наблюдается сдвиг в сторону больших длин волн ~425-435 нм, что соответствует формированию наночастиц большего размера. Согласно данным динамического светорассеяния размер наночастиц в экстрактах клена составляет ~60-68 нм, а в образцах дуба ~107 нм. Зафиксированные с помощью атомно-силовой и сканирующей электронной микроскопии различия в размерах и форме наночастиц, полученных в фитоэкстрактах клена и дуба, объясняются различным составом биоактивных веществ в растениях, участвующих в восстановлении ионов серебра и стабилизации поверхности наночастиц серебра. |
| 653 | 0_ | a | Ключевые слова | Нанчоастицы |
| a | Ключевые слова | Серебро | ||
| a | Ключевые слова | Энергодисперсионный микроанализ | ||
| a | Ключевые слова | Физика | ||
| a | Ключевые слова | Белки | ||
| a | Ключевые слова | Экспериментальные результаты | ||
| a | Ключевые слова | Труды Тверского государственного университета | ||
| a | Ключевые слова | Зеленый синтез | ||
| a | Ключевые слова | Полоса поверхностного плазмонного резонанса | ||
| 700 | 12 | a | Другие авторы | Хижняк Светлана Дмитриевна |
| q | Полное имя | Хижняк С. Д. | ||
| 700 | 12 | a | Другие авторы | Иванова А. И. |
| 700 | 12 | a | Другие авторы | Волкова В. М. |
| 700 | 12 | a | Другие авторы | Барабанова Е. В. |
| 700 | 12 | a | Другие авторы | Пахомов Павел Михайлович |
| q | Полное имя | Пахомов П. М. | ||
| 773 | 18 | w | Контрольный № источника | 3de2680f60bd46b1bd796c3bdd210329 |
| t | Название источника | Физико-химические аспекты изучения кластеров, наноструктур и наноматериалов | ||
| d | Место и дата издания | Тверь : Тверской государственный университет, 2023 | ||
| g | Прочая информация | Вып. 15. - С. 1059-1069 | ||
| 856 | 40 | u | URL | http://texts.lib.tversu.ru/texts/153669t.pdf |
| x | Примечание для ЭОР | Справка РИУ 2023 | ||
| x | Примечание для ЭОР | Реестр суммарного учета сетевых локальных документов | ||
| i | Дата подключения ЭОР | 20240322 | ||
| 901 | t | Тип документа | a | |
| 920 | a | Оператор | Кома | |
| 954 | b | Дата поступления в ОК | 20240228 |